Welcome to WEB OPAC of MRSPTU Central Library

Farmers Producers Organizations and their importance in Agriculture (Record no. 10362)

MARC details
000 -LEADER
fixed length control field 00511nam a22002057a 4500
003 - CONTROL NUMBER IDENTIFIER
control field OSt
005 - DATE AND TIME OF LATEST TRANSACTION
control field 20241024111242.0
008 - FIXED-LENGTH DATA ELEMENTS--GENERAL INFORMATION
fixed length control field 241024b |||||||| |||| 00| 0 eng d
040 ## - CATALOGING SOURCE
Transcribing agency MRSPTU
041 ## - LANGUAGE CODE
Language code of text/sound track or separate title ENG
082 ## - DEWEY DECIMAL CLASSIFICATION NUMBER
Classification number 630
Item number DH-F
100 ## - MAIN ENTRY--PERSONAL NAME
Personal name Dharni, Khushdeep
245 ## - TITLE STATEMENT
Title Farmers Producers Organizations and their importance in Agriculture
250 ## - EDITION STATEMENT
Edition statement 1st Ed.
260 ## - PUBLICATION, DISTRIBUTION, ETC.
Place of publication, distribution, etc. Ludhiana
Name of publisher, distributor, etc. PAU
Date of publication, distribution, etc. 2021
300 ## - PHYSICAL DESCRIPTION
Extent 26
650 ## - SUBJECT ADDED ENTRY--TOPICAL TERM
Topical term or geographic name entry element Agriculture
700 ## - ADDED ENTRY--PERSONAL NAME
Personal name Riar, Tejinder Singh
942 ## - ADDED ENTRY ELEMENTS (KOHA)
Source of classification or shelving scheme Dewey Decimal Classification
Koha item type Book
Suppress in OPAC No
Holdings
Withdrawn status Lost status Source of classification or shelving scheme Damaged status Not for loan Home library Current library Date acquired Total checkouts Full call number Barcode Date last seen Price effective from Koha item type
    Dewey Decimal Classification     MRSPTU Central Library MRSPTU Central Library 10/24/2024   630 DH-F 41506 10/24/2024 10/24/2024 Book
    Dewey Decimal Classification     MRSPTU Central Library MRSPTU Central Library 10/24/2024   630 DH-F 41507 10/24/2024 10/24/2024 Book
    Dewey Decimal Classification     MRSPTU Central Library MRSPTU Central Library 10/24/2024   630 DH-F 41508 10/24/2024 10/24/2024 Book
    Dewey Decimal Classification     MRSPTU Central Library MRSPTU Central Library 10/24/2024   630 DH-F 41509 10/24/2024 10/24/2024 Book

Website Designed and Developed by MRSPTU Central Library Team

E-mail Id: librarian@mrsptu.ac.in